000 00327nam a2200121Ia 4500
008 190723s9999 xx 000 0 und d
020 _a81-219-2660-2
100 _aB.L.Theraja
245 0 _aFundamentals of Electrical Engineering and Electronics
260 _aNew Delhi
_bS.Chand Company
_c2009
300 _a841
942 _cBK
999 _c1359
_d1359